000
00295nam a22001337a 4500
008
171101b xxu||||| |||| 00| 0 eng d
020
_a
2900226065662
041
_a
eng
080
_2
3RD
_a
33
100
_a
59
101
_a
BUS
245
_a
THE CRAFT OF RESEARCH
_c
BOOTH,W.C
942
_2
udc
_c
BK
999
_c
36945
_d
36945